MARC

LEADER 00000nam0a2200000 4500
001 315014
005 20231102002732.0
035 |a (RuTPU)RU\TPU\book\340447 
090 |a 315014 
100 |a 20160224d1987 m y0rusy50 ca 
101 0 |a rus 
102 |a RU 
105 |a a z 000gy 
200 1 |a Путь  |e стихи  |f Ф. А. Искандер 
210 |a Москва  |c Советский писатель  |d 1987 
215 |a 272 с.  |c ил. 
606 1 |a Русская литература современная  |2 stltpush  |3 (RuTPU)RU\TPU\subj\26373  |9 50316 
610 1 |a художественная литература 
610 1 |a поэзия 
610 1 |a стихи 
675 |a Р2  |v 4 
700 1 |a Искандер  |b Ф. А.  |c российский писатель  |f 1929-  |g Фазиль Абдулович  |2 stltpush  |3 (RuTPU)RU\TPU\pers\15432  |4 070  |9 5344 
801 1 |a RU  |b 63413507  |c 20160224 
801 2 |a RU  |b 63413507  |c 20201224  |g RCR 
942 |c BK